Music Quiz

Random Music or Artist Quiz

Artist by Pictogram (Slideshow) Quiz Stats

Quiz not verified by Sporcle

Score 0/11 Timer 05:00
0 Plays Today
% Correct
Guns N' Roses
98.8%
Radiohead
95.1%
The Smashing Pumpkins
92.4%
Red Hot Chili Peppers
91.7%
The Doors
88%
Sex Pistols
82.3%
Led Zeppelin
78.2%
The Rolling Stones
74.2%
Alice in Chains
71.3%
The Who
54.1%
Green Day
48.9%

You're not logged in!

Compare scores with friends on all Sporcle quizzes.
Sign Up with Email
OR
Log In

You Might Also Like...

Show Comments

Extras

Editor's Pick Apr 29, 2014SourceReportNominate
Tags:Artist Quiz, Image Quiz, rebus, Slideshow

Top Quizzes Today


Score Distribution

Your Account Isn't Verified!

In order to create a playlist on Sporcle, you need to verify the email address you used during registration. Go to your Sporcle Settings to finish the process.